000 00469cam a22001337a 4500
008 180718b1992 xxu||||| |||| 00| 0 eng d
082 _aAPPPA 91-92 SAM
100 _aSamadder, C.R.
245 _aDevelopment and progress of co-operation movement in Assam special reference to its leadership
_cby C.R. Samadder
260 _aNew Delhi
_bIndian Institute of Public Administration
_c1992
300 _a238p.
650 _aLeadership
650 _aCo-operative movement-Assam
999 _c501596
_d501596